LEADER 01537nam 2200433 450 001 000016600 005 20051222184141.0 010 $a0-12-181804-7 100 $a20030916d1957----km-y0itay0103----ba 101 0 $aeng 102 $aUS 200 1 $a[Special techniques for the enzymologist]$fedited by Sidney P. Colowick and Nathan O. Kaplan 210 $aNew York...[etc.]$cAcademic Press$dc1957 215 $aXIV, 979 p.$cill.$d24 cm 225 2 $aMethods in enzymology$v4 410 1$12001$aMethods in enzymology$v4 606 $aEnzimi 676 $a572.7$v(21. ed.)$9Biochimica. Enzimi 702 1$aColowick,$bSidney P. 702 1$aKaplan,$bNathan O. 801 0$aIT$bUniversità della Basilicata - B.I.A.$gRICA$2unimarc 912 $a000016600 996 $aSpecial techniques for the enzymologist$981765 997 $aUNIBAS BAS $aAGRARIA CAT $aTORRE$b20$c20030916$lBAS01$h1619 CAT $aTORRE$b20$c20030917$lBAS01$h1032 CAT $aTORRE$b20$c20030917$lBAS01$h1055 CAT $aTORRE$b20$c20031022$lBAS01$h1116 CAT $c20050601$lBAS01$h1755 CAT $abatch$b01$c20050718$lBAS01$h1053 CAT $c20050718$lBAS01$h1112 CAT $c20050718$lBAS01$h1142 CAT $c20050718$lBAS01$h1156 CAT $aTTM$b30$c20051128$lBAS01$h1047 CAT $aTTM$b30$c20051128$lBAS01$h1053 CAT $aTTM$b30$c20051222$lBAS01$h1841 FMT Z30 -1$lBAS01$LBAS01$mBOOK$1BASA2$APolo Tecnico-Scientifico$2DID$BDidattica$3PTS$630589$5A30589$820031022$f98$FConsultazione LEADER 03769nam 2200469 450 001 9910813504903321 005 20230126221200.0 010 $a84-1324-223-1 035 $a(CKB)4100000008527046 035 $a(MiAaPQ)EBC6483986 035 $a(Au-PeEL)EBL6483986 035 $a(OCoLC)1091367947 035 $a(MiAaPQ)EBC6733652 035 $a(Au-PeEL)EBL6733652 035 $a(OCoLC)1272992201 035 $a(OCoLC) 1178781180 035 $a(FINmELB)ELB119292 035 $a(EXLCZ)994100000008527046 100 $a20220528d2019 uy 0 101 0 $aspa 135 $aurcnu|||||||| 181 $ctxt$2rdacontent 182 $cc$2rdamedia 183 $acr$2rdacarrier 200 13$aEl Trabajo Social $eDesde lo Acade?mico a la Intervencio?n Social. una Mirada Desde la Perspectiva de la Pra?ctica Profesional y Experiencia Laboral /$fConcepcio?n Nieto Morales 205 $a2nd ed. 210 1$aMadrid :$cDykinson,$d[2019] 210 4$d©2019 215 $a1 online resource (409 pages) 327 $aCORRUPCIÓN ELECTORAL: DELITOS E INFRACCIONES ELECTORALES -- PÁGINA LEGAL -- ÍNDICE -- PRÓLOGO -- DELITOS ELECTORALES E INTEGRIDAD ELECTORAL -- I. INTRODUCCIÓN -- II. INTEGRIDAD ELECTORAL Y DELITOS ELECTORALES -- III. INDICADORES EMPÍRICOS PARA LA MEDICIÓN -- IV. DIMENSIONES EMPÍRICAS DE LOS DELITOS ELECTORALES -- V. DELITOS ELECTORALES, INTEGRIDAD ELECTORAL -- VI. CONCLUSIONES -- DISPOSICIONES GENERALES DEL DERECHO PENAL ELECTORAL -- I. INTRODUCCIÓN -- II. DESARROLLO Y PROTECCIÓN DEL DERECHO DE SUFRAGIO -- III. LAS DISPOSICIONES GENERALES DEL DERECHO PENAL -- LAS SANCIONES EN LOS DELITOS ELECTORALES -- I. STATUS QUAESTIONIS: EL DELITO ELECTORAL -- II. PRECISIONES CONCEPTUALES BÁSICAS A LA HORA DE DETERMINAREL PROCEDIMIENTO -- III. NATURALEZA PÚBLICA DE LA ACCIÓN PARA PERSEGUIR -- IV. SOBRE EL CONCURSO DE LEYES -- V. SOBRE LA PENA SANCIONADORA DE LA INHABILITACIÓN -- VI. LAS SANCIONES POR LOS DELITOS ELECTORALES -- VII. BREVE NOTA EN TORNO A LAS INFRACCIONES -- DELITOS ELECTORALES, EN"SENTIDO ESTRICTO", (....) -- I. A MODO DE INTRODUCCIÓN -- II. DELITO DE OBSTACULIZACIÓN DEL PROCESO -- III. DELITOS POR ABUSO DE OFICIO -- IV. EL ABANDONO O INCUMPLIMIENTO -- V. CONCLUSIONES -- DELITOS ELECTORALES, "EN SENTIDOESTRICTO", -- I. INTRODUCCIÓN -- II. VULNERACIÓN DE LOS TRÁMITES -- III. PARTICIPACIÓN POR PARTE DEL PARTICULAR EN ALGUNA -- IV. EMISIÓN DE VARIOS VOTOS EN LA MISMA ELECCIÓN -- V. REALIZACIÓN DE ACTOS DE PROPAGANDA -- VI. INFRACCIÓN DE LAS NORMAS LEGALES EN EL DESARROLLODE LA CAMPAÑA ELECTORAL -- VII. PARTICIPACIÓN DE DETERMINADOS FUNCIONARIOS -- VIII. DELITOS EN MATERIA DE ENCUESTAS ELECTORALES -- DELITOS "COMUNES" EN ELDESARROLLO DEL PROCESO ELECTORAL -- I. INTRODUCCIÓN -- II. COHECHO Y COACCIONES -- III. ALTERACIÓN DEL ORDEN EN ACTO ELECTORAL -- IV. AGRAVACIÓN DE LOS DELITOS DE CALUMNIA -- V. FINANCIACIÓN IRREGULAR. 327 $aCONCURRENCIA DE INFRACCIONESY SANCIONES PENALES Y ADMINISTRATIVAS EN EL ÁMBITO ELECTORAL -- I. LAS RELACIONES ENTRE EL DERECHO PENAL -- II. LA LOREG COMO LEY ESPECIAL IMPROPIA -- III. DELITOS E INFRACCIONES ADMINISTRATIVAS EN EL ÁMBITO -- IV. LA PENAS PRINCIPALES Y LAS ACCESORIAS -- INFRACCIONES NO CONSTITUTIVAS DE DELITO EN LA LEY ORGÁNICA -- I. INTRODUCCIÓN -- II. LAS INFRACCIONES Y SANCIONES ADMINISTRATIVAS -- III. TITULARES DE LA POTESTAD SANCIONADORA -- IV. PROCEDIMIENTO SANCIONADOR -- V. UNA BREVE REFLEXIÓN. 606 $aSocial service 615 0$aSocial service. 676 $a361.32 700 $aNieto Morales$b Concepcio?n$01102094 801 0$bMiAaPQ 801 1$bMiAaPQ 801 2$bMiAaPQ 906 $aBOOK 912 $a9910813504903321 996 $aEl Trabajo Social$94082903 997 $aUNINA